[Event "Interclubs Adultes"]
[Site "LYON OE"]
[Date "2008.02.10"]
[Round "7.1"]
[White "Cornette, Matthieu"]
[Black "Genov, Petar"]
[Result "1/2-1/2"]
[WhiteElo "2491"]
[BlackElo "2465"]
[PlyCount "76"]
[EventDate "2008.02.10"]
[WhiteTeam "Cannes II"]
[BlackTeam "Mulhouse II"]

1. e4 c5 2. Nf3 d6 3. c3 Nf6 4. h3 Nbd7 5. Bd3 b6 6. O-O Bb7 7. Re1 e5 8. Bc2
Be7 9. d4 O-O 10. d5 b5 11. Nbd2 c4 12. Nf1 Nc5 13. Ng3 g6 14. Bh6 Re8 15. Qd2
Bf8 16. Bxf8 Rxf8 17. Qh6 Re8 18. Re3 Kh8 19. Ng5 Qe7 20. Rf1 Qf8 21. Nf5 Rad8
22. f4 exf4 23. Rxf4 Bc8 24. Qxf8+ Rxf8 25. Nd4 Ncd7 26. Nxb5 h6 27. Nf3 Nh5
28. Rh4 Ndf6 29. g4 Nf4 30. Nxa7 Bd7 31. Nc6 Ra8 32. Nb4 Rfe8 33. g5 N6h5 34.
Kh2 Kg7 35. Rg4 hxg5 36. Rxg5 Nxh3 37. Rg2 N3f4 38. Rf2 Nf6 1/2-1/2

[Event "Interclubs Adultes"]
[Site "LYON OE"]
[Date "2008.02.10"]
[Round "7.2"]
[White "Lerch, Patrice"]
[Black "Govciyan, Pavel"]
[Result "0-1"]
[WhiteElo "2300"]
[BlackElo "2394"]
[PlyCount "106"]
[EventDate "2008.02.10"]
[WhiteTeam "Mulhouse II"]
[BlackTeam "Cannes II"]

1. e4 e5 2. Bc4 Nf6 3. d3 Nc6 4. Nf3 Bc5 5. O-O a6 6. Bb3 d6 7. c3 Ba7 8. Nbd2
O-O 9. Nc4 h6 10. Re1 Kh8 11. h3 Ng8 12. Be3 f5 13. Bxa7 Rxa7 14. exf5 Bxf5 15.
Ne3 Bh7 16. Bd5 Nf6 17. Bxc6 bxc6 18. d4 e4 19. Nh2 Rb7 20. Rb1 Rb5 21. Nhf1
Rg5 22. Ng3 Nd5 23. Nxd5 cxd5 24. Re3 Qf6 25. Qe2 h5 26. h4 Rg4 27. Nxh5 Qxh4
28. Ng3 Rf6 29. Re1 Rh6 30. Qxa6 Bf5 31. Kf1 Rf4 32. Ke2 Bg4+ 33. Kd2 Rxf2+ 34.
Kc1 Qg5 35. Qb5 Rxg2 36. Kb1 Bf3 37. Nf1 Rf2 38. a4 c6 39. Qxc6 Rxf1 40. Ka2
Rxe1 41. Qc8+ Kh7 42. Rxe1 Bg4 43. Qb7 Qd8 44. Ka3 Be6 45. Rg1 Qd7 46. Qb8 Bg4
47. a5 Be2 48. Qb6 Re6 49. Kb4 Re8 50. a6 Ra8 51. Rh1+ Kg8 52. Ra1 Qc8 53. b3
Rb8 0-1

[Event "Interclubs Adultes"]
[Site "LYON OE"]
[Date "2008.02.10"]
[Round "7.3"]
[White "Sanchez, Joseph"]
[Black "Fargere, Francois"]
[Result "1-0"]
[WhiteElo "2492"]
[BlackElo "2324"]
[PlyCount "44"]
[EventDate "2008.02.10"]
[WhiteTeam "Cannes II"]
[BlackTeam "Mulhouse II"]

1. e4 c5 2. Nf3 d6 3. d4 Nf6 4. Nc3 cxd4 5. Nxd4 a6 6. Be3 e5 7. Nb3 Be6 8. Qd2
Be7 9. f3 O-O 10. O-O-O Nbd7 11. g4 b5 12. g5 b4 13. Ne2 Ne8 14. Kb1 a5 15. f4
a4 16. Nbc1 exf4 17. Nxf4 Bxg5 18. Nxe6 Bxe3 19. Nxd8 Bxd2 20. Rxd2 Rxd8 21.
Rd5 Nef6 22. Rb5 Nc5 1-0

[Event "Interclubs Adultes"]
[Site "LYON OE"]
[Date "2008.02.10"]
[Round "7.4"]
[White "Kurmann, Oliver"]
[Black "Levacic, Damir"]
[Result "1/2-1/2"]
[WhiteElo "2389"]
[BlackElo "2267"]
[PlyCount "102"]
[EventDate "2008.02.10"]
[WhiteTeam "Mulhouse II"]
[BlackTeam "Cannes II"]

1. e4 d6 2. d4 Nf6 3. Nc3 g6 4. Be3 c6 5. Qd2 b5 6. Bd3 Nbd7 7. h3 e5 8. dxe5
dxe5 9. Nf3 Qe7 10. O-O Bg7 11. a4 b4 12. Ne2 a5 13. c3 Nc5 14. Bxc5 Qxc5 15.
cxb4 axb4 16. Rac1 Qe7 17. Rxc6 O-O 18. Qc2 Rd8 19. b3 Ne8 20. Rc1 Bb7 21. Rc5
Kh8 22. Ng3 f6 23. Qe2 Bh6 24. R1c2 Bf8 25. Bb5 Qe6 26. Bc4 Qe7 27. Bd5 Ba6 28.
Qe3 Rab8 29. Ra5 Rd6 30. Rc6 Bb7 31. Rxd6 Qxd6 32. Bxb7 Rxb7 33. Nd2 Rb8 34.
Rd5 Qe6 35. Qa7 Rc8 36. Nc4 Nc7 37. Ra5 Qc6 38. Qb6 Ne6 39. Qe3 Nd4 40. Nf1
Nxb3 41. Nxe5 Qc3 42. Nf7+ Kg8 43. Ra7 Qxe3 44. Nxe3 Rc1+ 45. Kh2 Nd2 46. Rb7
b3 47. Nd8 Bd6+ 48. g3 Nf3+ 49. Kg2 Ne1+ 50. Kh2 Nf3+ 51. Kg2 Ne1+ 1/2-1/2

[Event "Interclubs Adultes"]
[Site "LYON OE"]
[Date "2008.02.10"]
[Round "7.5"]
[White "Marino, Olivier"]
[Black "Riff, Vincent"]
[Result "0-1"]
[WhiteElo "2118"]
[BlackElo "2317"]
[PlyCount "52"]
[EventDate "2008.02.10"]
[WhiteTeam "Cannes II"]
[BlackTeam "Mulhouse II"]

1. e4 c5 2. Nf3 Nc6 3. Nc3 Nf6 4. d4 cxd4 5. Nxd4 e5 6. Ndb5 d6 7. Nd5 Nxd5 8.
exd5 Ne7 9. a4 Ng6 10. Be2 Be7 11. O-O O-O 12. Be3 a6 13. Na3 Bg5 14. Nc4 Bxe3
15. fxe3 Qc7 16. a5 Bd7 17. Nb6 Rad8 18. Qd2 f5 19. c4 f4 20. b4 Bf5 21. Rac1
Qe7 22. Kh1 Qg5 23. exf4 Nxf4 24. g3 Nh3 25. Qxg5 Be4+ 26. Bf3 Rxf3 0-1

[Event "Interclubs Adultes"]
[Site "LYON OE"]
[Date "2008.02.10"]
[Round "7.6"]
[White "Fischer, Marc"]
[Black "Ludwig, Remi"]
[Result "1-0"]
[WhiteElo "2212"]
[BlackElo "2092"]
[PlyCount "52"]
[EventDate "2008.02.10"]
[WhiteTeam "Mulhouse II"]
[BlackTeam "Cannes II"]

1. d4 Nf6 2. g3 c5 3. d5 b5 4. Bg2 Bb7 5. e4 d6 6. a4 a6 7. Qe2 g6 8. axb5 Bg7
9. Nc3 O-O 10. Nf3 axb5 11. Rxa8 Bxa8 12. Qxb5 e6 13. Qa4 Nbd7 14. dxe6 Nb6 15.
exf7+ Rxf7 16. Qa2 Nxe4 17. Nxe4 Bxe4 18. Ng5 Qxg5 19. Bxg5 Bxg2 20. Rg1 Bd5
21. Qa6 Nc4 22. b3 Ne5 23. Qxd6 Nf3+ 24. Kd1 Rf5 25. c4 Bf7 26. Be7 Nxg1 1-0

[Event "Interclubs Adultes"]
[Site "LYON OE"]
[Date "2008.02.10"]
[Round "7.7"]
[White "Zermiche, Cherif"]
[Black "Deschler, Fabrice"]
[Result "1-0"]
[WhiteElo "2159"]
[BlackElo "2180"]
[PlyCount "51"]
[EventDate "2008.02.10"]
[WhiteTeam "Cannes II"]
[BlackTeam "Mulhouse II"]

1. e4 c5 2. Nc3 Nc6 3. f4 a6 4. a4 e6 5. Bc4 Nge7 6. d3 d5 7. Ba2 Nb4 8. Bb1
dxe4 9. dxe4 Qxd1+ 10. Nxd1 b6 11. Nf3 Bb7 12. c3 Nbc6 13. O-O Nc8 14. Ne3 Bd6
15. f5 exf5 16. exf5 O-O 17. Ba2 Ne5 18. Nxe5 Bxe5 19. Ng4 Bf6 20. Nxf6+ gxf6
21. Bh6 Re8 22. Rf4 Nd6 23. Rd1 Ne4 24. Rd7 Bc6 25. Rxf7 Rad8 26. Rd7+ 1-0

[Event "Interclubs Adultes"]
[Site "LYON OE"]
[Date "2008.02.10"]
[Round "7.8"]
[White "Richard, Emma"]
[Black "Levacic, Melissa"]
[Result "0-1"]
[WhiteElo "1955"]
[BlackElo "2009"]
[PlyCount "90"]
[EventDate "2008.02.10"]
[WhiteTeam "Mulhouse II"]
[BlackTeam "Cannes II"]

1. e4 e5 2. Nf3 Nc6 3. Bb5 Nf6 4. O-O Nxe4 5. d4 Nd6 6. dxe5 Nxb5 7. a4 Nbd4 8.
Nxd4 Nxd4 9. Qxd4 d5 10. Rd1 Be6 11. Nc3 c6 12. a5 Be7 13. b3 Bf5 14. Rd2 O-O
15. Qf4 Be6 16. Ne4 Qb8 17. Nd6 f6 18. Ba3 Rd8 19. Nf5 Bf8 20. Qg4 Qc8 21. exf6
Bxf5 22. Qg3 Bg6 23. Re1 Qf5 24. Qh4 Re8 25. Red1 Re4 26. Qg3 Rae8 27. f3 Bc5+
28. Kh1 Re3 29. fxg7 Qe6 30. Rf1 Re1 31. Rd1 Rxd1 32. Rxd1 Qe2 33. Ra1 d4 34.
h4 Qe5 35. Qg4 Bf5 36. Qg5 Bd6 37. f4 Qe4 38. Rf1 Be7 39. Qg3 Bf6 40. h5 h6 41.
b4 Qe2 42. Qb3+ Be6 43. Qf3 Bd5 44. Qf2 Qxh5+ 45. Kg1 Re2 0-1

[Event "Interclubs Adultes"]
[Site "LYON OE"]
[Date "2008.02.10"]
[Round "7.1"]
[White "Dunis, Aurelien"]
[Black "Miltner, Arndt"]
[Result "1-0"]
[WhiteElo "2508"]
[BlackElo "2363"]
[PlyCount "137"]
[EventDate "2008.02.10"]
[WhiteTeam "Grasse"]
[BlackTeam "Gambsheim"]

1. e4 d6 2. d4 Nf6 3. f3 e5 4. d5 Be7 5. Be3 Nbd7 6. c4 Nh5 7. Qd2 h6 8. Nh3
Nb6 9. Nf2 Bg5 10. Nc3 Bxe3 11. Qxe3 Qg5 12. Kd2 Ke7 13. g3 Bd7 14. b3 g6 15.
Nd3 Qxe3+ 16. Kxe3 c5 17. dxc6 Bxc6 18. Bh3 Nf6 19. c5 Nbd7 20. cxd6+ Kxd6 21.
Rhd1 Ke7 22. Nb4 Nb6 23. Rac1 Rhd8 24. Rxd8 Rxd8 25. Nxc6+ bxc6 26. Nd1 Kd6 27.
Nb2 Nfd7 28. Bxd7 Rxd7 29. Nd3 f6 30. Rc5 Rb7 31. Ra5 Nd7 32. Nb2 Nb6 33. Nd3
Nc8 34. f4 Rb5 35. Ra6 Rb6 36. Ra4 Rb5 37. Kf3 a5 38. Rc4 Nb6 39. Rc2 a4 40. b4
Nd7 41. a3 c5 42. Rd2 Kc6 43. Kg4 exf4 44. gxf4 cxb4 45. Nxb4+ Kc7 46. Nd5+ Kc6
47. Ne7+ Kc7 48. Nxg6 Rb3 49. Ra2 Kd6 50. Kf5 Rb5+ 51. e5+ fxe5 52. fxe5+ Kc7
53. Ke6 Nc5+ 54. Kf7 Rb7 55. e6 Kd6+ 56. e7 Ne4 57. Kf8 Nf6 58. Rd2+ Ke6 59.
Re2+ Kd6 60. Kf7 Nd5 61. Re4 Ra7 62. h4 Rb7 63. h5 Rc7 64. Kf8 Nf6 65. e8=N+
Nxe8 66. Kxe8 Rc5 67. Rd4+ Kc6 68. Nf4 Kb5 69. Rd5 1-0

[Event "Interclubs Adultes"]
[Site "LYON OE"]
[Date "2008.02.10"]
[Round "7.2"]
[White "Vatter, Hans-Joachim"]
[Black "Dobrev, Nanko"]
[Result "1-0"]
[WhiteElo "2323"]
[BlackElo "2427"]
[PlyCount "45"]
[EventDate "2008.02.10"]
[WhiteTeam "Gambsheim"]
[BlackTeam "Grasse"]

1. d4 Nf6 2. Bg5 e6 3. Nd2 c5 4. e3 cxd4 5. exd4 Nc6 6. c3 d6 7. Bd3 Be7 8.
Ngf3 h6 9. Bxf6 Bxf6 10. Qe2 d5 11. Ne5 Qc7 12. f4 g5 13. Qh5 Nxe5 14. fxe5 Bg7
15. O-O O-O 16. Rf6 a6 17. Raf1 b6 18. Nf3 Bd7 {1-0} 19. Bh7+ Kxh7 20. Rxh6+
Bxh6 21. Nxg5+ Kg7 22. Rxf7+ Kg8 23. Qg6+ 1-0

[Event "Interclubs Adultes"]
[Site "LYON OE"]
[Date "2008.02.10"]
[Round "7.3"]
[White "Andonov, Bogomil"]
[Black "Syska, Albert"]
[Result "1/2-1/2"]
[WhiteElo "2333"]
[BlackElo "2252"]
[PlyCount "84"]
[EventDate "2008.02.10"]
[WhiteTeam "Grasse"]
[BlackTeam "Gambsheim"]

1. Nf3 e6 2. d4 f5 3. Bf4 Nf6 4. e3 b6 5. Bd3 Bb7 6. Nbd2 Be7 7. h3 O-O 8. g4
Ne4 9. gxf5 exf5 10. Rg1 d6 11. Qe2 Nd7 12. O-O-O Kh8 13. Kb1 Ndf6 14. Ng5 Nxg5
15. Bxg5 Ne4 16. Bxe7 Qxe7 17. f3 Nxd2+ 18. Rxd2 Rae8 19. Qg2 Qf6 20. Re1 Qxd4
21. Be4 Qxd2 22. Qxd2 fxe4 23. f4 d5 24. b4 c5 25. bxc5 bxc5 26. c4 dxc4 27.
Rg1 Rf7 28. Rg5 c3 29. Qxc3 Ba6 30. Rxc5 h6 31. Kc1 Bd3 32. Rc8 Rxc8 33. Qxc8+
Kh7 34. Kd2 g6 35. a4 a6 36. Kc3 Rf5 37. Kd4 h5 38. h4 Kg7 39. Qe6 Kh7 40. Qe7+
Kg8 41. Qd7 Kh8 42. Qe6 Kh7 1/2-1/2

[Event "Interclubs Adultes"]
[Site "LYON OE"]
[Date "2008.02.10"]
[Round "7.4"]
[White "Mohebbi, Jaffar"]
[Black "Di Paolo, Raffaele"]
[Result "1-0"]
[WhiteElo "2257"]
[BlackElo "2363"]
[PlyCount "111"]
[EventDate "2008.02.10"]
[WhiteTeam "Gambsheim"]
[BlackTeam "Grasse"]

1. d4 e6 2. Nf3 f5 3. Bg5 Be7 4. Bxe7 Qxe7 5. c4 Nf6 6. Nc3 O-O 7. g3 d6 8. Bg2
Nbd7 9. O-O e5 10. dxe5 Nxe5 11. b3 Kh8 12. e3 c6 13. Qd4 Nf7 14. Rad1 Bd7 15.
h4 h6 16. Rfe1 Rfe8 17. Ne2 Kh7 18. Nd2 c5 19. Qd3 Ne4 20. Nc3 Bc6 21. Ndxe4
fxe4 22. Qc2 Kg8 23. Nd5 Bxd5 24. Rxd5 Rab8 25. Red1 b5 26. cxb5 Rxb5 27. Bf1
Rb4 28. a3 Rb6 29. Bc4 Qf6 30. f4 Kh8 31. Qe2 Qg6 32. Kh2 Qf6 33. Qg4 Rf8 34.
Kg2 g6 35. h5 Rg8 36. hxg6 Rxg6 37. Rf5 Qb2+ 38. Qe2 Qxe2+ 39. Bxe2 Rxb3 40.
Bh5 Rg7 41. Rxf7 Rxf7 42. Bxf7 Rxe3 43. Rxd6 Rxa3 44. f5 Rd3 45. Rxd3 exd3 46.
Kf3 Kg7 47. Bc4 d2 48. Ke2 Kf6 49. Be6 h5 50. Kxd2 a5 51. Kd3 Ke5 52. Kc4 a4
53. Bd7 Kf6 54. Bc8 Ke5 55. Be6 Kd6 56. Kb5 1-0

[Event "Interclubs Adultes"]
[Site "LYON OE"]
[Date "2008.02.10"]
[Round "7.5"]
[White "Abravanel, Chely"]
[Black "Becht, Lucas"]
[Result "1-0"]
[WhiteElo "2329"]
[BlackElo "2205"]
[PlyCount "99"]
[EventDate "2008.02.10"]
[WhiteTeam "Grasse"]
[BlackTeam "Gambsheim"]

1. e4 c5 2. Nf3 Nc6 3. Bb5 Nf6 4. Nc3 Qc7 5. O-O Nd4 6. Bc4 e6 7. d3 a6 8. Nxd4
cxd4 9. Ne2 Nxe4 10. Nxd4 Nf6 11. a4 b6 12. Qf3 Bb7 13. Bf4 Qc8 14. Qh3 Bc5 15.
c3 O-O 16. Rfe1 Bd5 17. Be5 Bxc4 18. dxc4 Be7 19. b3 d6 20. Bf4 Re8 21. Bg5 Qc5
22. Be3 Qc7 23. Qg3 Rac8 24. Bh6 Bf8 25. Bg5 Be7 26. Rad1 Kh8 27. h3 h6 28. Bd2
Qb7 29. Qd3 Red8 30. Qe2 d5 31. Qf3 Rd7 32. cxd5 Qxd5 33. Qe2 Bc5 34. Qxa6 Ra8
35. Qb5 Bxd4 36. Qxd5 Bxf2+ 37. Kxf2 Rxd5 38. Ke2 Rad8 39. c4 Re5+ 40. Be3 Rxd1
41. Rxd1 Ne4 42. Rd8+ Kh7 43. Bd4 Rg5 44. Bxb6 Rg3 45. b4 Rb3 46. a5 Rxb4 47.
c5 Ra4 48. c6 Nc3+ 49. Kd3 Nd5 50. c7 1-0

[Event "Interclubs Adultes"]
[Site "LYON OE"]
[Date "2008.02.10"]
[Round "7.6"]
[White "Marzolf, Bruno"]
[Black "Garbarino, Xavier"]
[Result "0-1"]
[WhiteElo "2235"]
[BlackElo "2260"]
[PlyCount "73"]
[EventDate "2008.02.10"]
[WhiteTeam "Gambsheim"]
[BlackTeam "Grasse"]

1. e4 Nc6 2. Nf3 d6 3. d4 Nf6 4. Nc3 Bg4 5. Bb5 a6 6. Bxc6+ bxc6 7. h3 Bh5 8.
Qe2 e6 9. g4 Bg6 10. Nh4 d5 11. Nxg6 hxg6 12. Bg5 Qb8 13. O-O-O Bb4 14. Bxf6
Bxc3 15. bxc3 gxf6 16. Qf3 Ke7 17. Rde1 Qb5 18. Qf4 Qa5 19. e5 f5 20. Kd2 c5
21. gxf5 gxf5 22. Re3 cxd4 23. Qxd4 Rh5 24. Qb4+ Qxb4 25. cxb4 Rh4 26. a3 Rah8
27. Rc3 Kd7 28. Rg3 R8h5 29. Rf3 Kc6 30. Rc3+ Kb6 31. Rg3 Rh7 32. Rh2 c5 33. c3
Kb5 34. Kd3 f4 35. Rf3 R7h5 36. Rh1 Rxe5 37. bxc5 0-1

[Event "Interclubs Adultes"]
[Site "LYON OE"]
[Date "2008.02.10"]
[Round "7.7"]
[White "Forestier, Flavien"]
[Black "Engelmann, Herve"]
[Result "1-0"]
[WhiteElo "2175"]
[BlackElo "2067"]
[PlyCount "76"]
[EventDate "2008.02.10"]
[WhiteTeam "Grasse"]
[BlackTeam "Gambsheim"]

1. d4 Nf6 2. c4 g6 3. Nc3 Bg7 4. e4 d6 5. f4 O-O 6. Nf3 c5 7. d5 e6 8. Be2 exd5
9. cxd5 Nbd7 10. O-O Re8 11. Nd2 Nb6 12. a4 Qe7 13. Bf3 h5 14. a5 Nbd7 15. Nb5
Rd8 16. Re1 a6 17. Nxd6 Qxd6 18. e5 Qb8 19. exf6 Nxf6 20. Nc4 Nd7 21. Qb3 Bd4+
22. Kh1 Nf6 23. Nb6 Ra7 24. h3 Bf5 25. Be3 Re8 26. Rad1 Bxe3 27. Rxe3 Qxf4 28.
Rxe8+ Nxe8 29. Qc3 Nd6 30. Qf6 Qg3 31. Rf1 c4 32. Qe7 Kg7 33. Qe3 Kh7 34. Re1
Bd3 35. Rc1 Nf5 36. Qe8 Nd6 37. Qe7 Bf5 38. Nxc4 Qf4 1-0

[Event "Interclubs Adultes"]
[Site "LYON OE"]
[Date "2008.02.10"]
[Round "7.8"]
[White "Criqui, Laurence"]
[Black "Forestier, Carole"]
[Result "0-1"]
[WhiteElo "1680"]
[BlackElo "1999"]
[PlyCount "38"]
[EventDate "2008.02.10"]
[WhiteTeam "Gambsheim"]
[BlackTeam "Grasse"]

1. e4 e6 2. d4 d5 3. e5 c5 4. c3 Qb6 5. Nf3 Nc6 6. Be2 cxd4 7. cxd4 Nh6 8. b3
Nf5 9. Bb2 Bb4+ 10. Kf1 O-O 11. Na3 f6 12. Nc2 Be7 13. g4 Nh6 14. Rg1 fxe5 15.
Bc1 Nf7 16. dxe5 Nfxe5 17. Be3 Bc5 18. Ncd4 Nxd4 19. Bxd4 Nxf3 0-1

[Event "Interclubs Adultes"]
[Site "BELFORT"]
[Date "2008.03.15"]
[Round "8.2"]
[White "Velikov, Petar"]
[Black "Rahal, Michael A"]
[Result "1-0"]
[WhiteElo "2410"]
[BlackElo "2386"]
[PlyCount "107"]
[EventDate "15.??.??"]
[WhiteTeam "Vincennes"]
[BlackTeam "Avignon"]

1. Nf3 Nf6 2. g3 b6 3. Bg2 Bb7 4. c4 c5 5. O-O e6 6. Nc3 Be7 7. d4 cxd4 8. Qxd4
d6 9. Rd1 a6 10. Bg5 Nbd7 11. Qd2 Rc8 12. Bf4 e5 13. Bg5 Bxf3 14. exf3 Rxc4 15.
Qe2 Rd4 16. Qxa6 O-O 17. Be3 Nc5 18. Qb5 Rxd1+ 19. Rxd1 Qc7 20. f4 Rb8 21. h3
Kf8 22. a4 h5 23. Nd5 Nxd5 24. Bxd5 Qd7 25. Qxd7 Nxd7 26. Bc6 exf4 27. Bxf4 Ne5
28. Bd5 Bd8 29. Be3 Rc8 30. b4 Rc3 31. Ra1 Nc4 32. Bxc4 Rxc4 33. a5 bxa5 34.
bxa5 Rc8 35. a6 Ra8 36. a7 Ke8 37. Rb1 Bc7 38. Rb7 Kd7 39. Kg2 Kc6 40. Rb1 g6
41. Kf3 d5 42. Bd4 f6 43. Ke3 f5 44. Kd3 g5 45. Re1 Kd7 46. Bc5 g4 47. hxg4
hxg4 48. Kd4 f4 49. gxf4 Bxf4 50. Kxd5 g3 51. Re7+ Kd8 52. fxg3 Bxg3 53. Rg7
Kc8 54. Kc6 1-0

[Event "Interclubs Adultes"]
[Site "BELFORT"]
[Date "2008.03.15"]
[Round "8.3"]
[White "Salus, Stephane"]
[Black "Elbilia, Jacques"]
[Result "0-1"]
[WhiteElo "2197"]
[BlackElo "2351"]
[PlyCount "76"]
[EventDate "15.??.??"]
[WhiteTeam "Avignon"]
[BlackTeam "Vincennes"]

1. d4 d6 2. Nf3 Nf6 3. c4 Nbd7 4. Bf4 Nh5 5. Bg5 h6 6. Bh4 g5 7. Bg3 Bg7 8. Nc3
f5 9. e3 Nxg3 10. hxg3 e5 11. dxe5 dxe5 12. e4 f4 13. Qc2 c6 14. O-O-O Qe7 15.
Nd2 O-O 16. g4 Nc5 17. f3 Ne6 18. Bd3 Rf6 19. Ne2 Bf8 20. Kb1 a5 21. Rc1 a4 22.
Ka1 a3 23. b3 Qc7 24. Rh3 Bc5 25. Rch1 Kg7 26. Kb1 Be3 27. Nf1 Nd4 28. Qd1 Nxe2
29. Qxe2 Bd4 30. Kc2 Be6 31. g3 b5 32. Qh2 Rh8 33. gxf4 exf4 34. Qe2 Be5 35.
Nd2 Rd8 36. Nb1 Qa7 37. Rd1 Qd4 38. Kc1 b4 0-1

[Event "Interclubs Adultes"]
[Site "BELFORT"]
[Date "2008.03.15"]
[Round "8.4"]
[White "Rabeyrin, Jean-Jacques"]
[Black "Duquesnoy, Jean-Philippe"]
[Result "1-0"]
[WhiteElo "2314"]
[BlackElo "2237"]
[PlyCount "115"]
[EventDate "15.??.??"]
[WhiteTeam "Vincennes"]
[BlackTeam "Avignon"]

1. e4 c5 2. Nf3 e6 3. d4 cxd4 4. Nxd4 Nf6 5. Nc3 d6 6. Bg5 Be7 7. Qd2 a6 8.
O-O-O h6 9. Be3 Ng4 10. f4 Nxe3 11. Qxe3 Qc7 12. h4 Nc6 13. g4 Bd7 14. Bg2 Na5
15. g5 Nc4 16. Qg3 hxg5 17. hxg5 Rxh1 18. Rxh1 Qb6 19. Nb3 Qe3+ 20. Qxe3 Nxe3
21. Bf3 Rc8 22. Nd4 b5 23. Nd1 Nxd1 24. Kxd1 Rc4 25. c3 Bf8 26. f5 exf5 27.
exf5 Rc5 28. Be4 b4 29. Kd2 bxc3+ 30. bxc3 Ra5 31. Rb1 Rxa2+ 32. Kd3 Bc8 33.
Rb8 Kd7 34. Bb7 Bxb7 35. Rxb7+ Kd8 36. Rb8+ Ke7 37. Rb7+ Ke8 38. Rb8+ Ke7 39.
f6+ gxf6 40. gxf6+ Kxf6 41. Rxf8 d5 42. Rd8 Ra5 43. Nc6 Rc5 44. Rd6+ Kf5 45.
Nd4+ Kg4 46. Rxa6 Kg5 47. Ra8 Kg6 48. Rd8 Kf6 49. Nc2 Ke7 50. Rh8 f6 51. Ne3
Ke6 52. Kd4 Ra5 53. Re8+ Kd7 54. Rb8 Kc6 55. Rf8 Ra4+ 56. Kd3 Rf4 57. Rc8+ Kd7
58. Rc5 1-0

[Event "Interclubs Adultes"]
[Site "BELFORT"]
[Date "15.??.??"]
[Round "8.5"]
[White "Bomba, Melody"]
[Black "Jablonski, Noham"]
[Result "0-1"]
[WhiteElo "1852"]
[BlackElo "2268"]
[PlyCount "38"]
[EventDate "15.??.??"]
[WhiteTeam "Avignon"]
[BlackTeam "Vincennes"]

1. d4 f5 2. Bf4 Nf6 3. e3 g6 4. Bd3 Bg7 5. Nd2 d6 6. Ngf3 O-O 7. Ng5 h6 8. Ngf3
Qe8 9. c4 Nbd7 10. Qc2 e5 11. dxe5 dxe5 12. Bxh6 Bxh6 13. e4 Nc5 14. O-O Qd8
15. Nxe5 Nxd3 16. Nxd3 fxe4 17. Nxe4 Nxe4 18. Ne5 Bf5 19. Rfd1 Qe7 0-1

[Event "Interclubs Adultes"]
[Site "BELFORT"]
[Date "15.??.??"]
[Round "8.6"]
[White "Fayard, Alain"]
[Black "Ringuet, Claude"]
[Result "1-0"]
[WhiteElo "2324"]
[BlackElo "1570"]
[PlyCount "117"]
[EventDate "15.??.??"]
[WhiteTeam "Vincennes"]
[BlackTeam "Avignon"]

1. d4 e6 2. c4 f5 3. g3 Nf6 4. Bg2 Be7 5. Nh3 O-O 6. O-O d5 7. Nd2 c6 8. b3 Na6
9. Bb2 Nc7 10. Nf3 Nh5 11. Ne5 g6 12. f3 g5 13. e4 Ng7 14. Qe2 Bf6 15. Rad1 Bd7
16. Nf2 Be7 17. Nfd3 Rb8 18. Rde1 Be8 19. exd5 cxd5 20. c5 Bb5 21. a4 Bc6 22.
Qc2 a5 23. Bc3 Ra8 24. Qd2 Nce8 25. Rf2 Qc7 26. Rfe2 Bd8 27. Nxc6 Qxc6 28. Bf1
Qd7 29. Ne5 Qc7 30. Rf2 Nf6 31. Bb5 g4 32. fxg4 Ne4 33. Rxe4 dxe4 34. Nd7 Rf7
35. Nb6 Rb8 36. Bxa5 Qe7 37. Bb4 Qg5 38. Qxg5 Bxg5 39. Rc2 Rd8 40. Bd2 Bf6 41.
Bc3 Rc7 42. b4 Kf7 43. Nc4 Kg6 44. Ne3 Bg5 45. Re2 Ne8 46. Bc4 Re7 47. gxf5+
exf5 48. d5 Bf6 49. d6 Rg7 50. Bxf6 Kxf6 51. Rf2 Rg5 52. Bd5 Ke5 53. Bxb7 Rd7
54. Bc6 Rd8 55. Bxe8 Rxe8 56. d7 Rd8 57. c6 Kd6 58. Rc2 Kc7 59. Nd5+ 1-0

[Event "Interclubs Adultes"]
[Site "BELFORT"]
[Date "15.??.??"]
[Round "8.7"]
[White "Fevre, Lionel"]
[Black "Schabanel, Stephane"]
[Result "0-1"]
[WhiteElo "1340"]
[BlackElo "2263"]
[PlyCount "94"]
[EventDate "15.??.??"]
[WhiteTeam "Avignon"]
[BlackTeam "Vincennes"]

1. d4 f5 2. c4 Nf6 3. Nc3 d6 4. Bg5 Nbd7 5. Nf3 g6 6. e3 Bg7 7. Bd3 e5 8. dxe5
dxe5 9. e4 f4 10. b4 a5 11. a3 c6 12. c5 O-O 13. Bc4+ Kh8 14. Be6 Qe7 15. Bb3
Rd8 16. O-O Nxc5 17. Qc2 Nxb3 18. Qxb3 Be6 19. Qc2 h6 20. Bxf6 Bxf6 21. b5 Bc4
22. Rad1 cxb5 23. Nd5 Bxd5 24. Rxd5 Rxd5 25. exd5 e4 26. Re1 Re8 27. Nd2 e3 28.
fxe3 fxe3 29. Nf3 Kg7 30. Qd3 Qc5 31. Kh1 Qc4 32. Qb1 Qxd5 33. Qc1 Qc4 34. Ng1
Qxc1 35. Rxc1 e2 36. Nf3 Bc3 37. h4 e1=Q+ 38. Nxe1 Rxe1+ 39. Rxe1 Bxe1 40. Kg1
a4 41. Kf1 Bb4 42. Ke2 Bxa3 43. Kd1 b4 44. Kc2 b3+ 45. Kb1 Bc5 46. Kb2 b5 47.
Kc3 Bd4+ 0-1

[Event "Interclubs Adultes"]
[Site "BELFORT"]
[Date "15.??.??"]
[Round "8.1"]
[White "Van Elst, Andreas"]
[Black "Romieux, Sebastien"]
[Result "1-0"]
[WhiteElo "2350"]
[BlackElo "2248"]
[PlyCount "151"]
[EventDate "15.??.??"]
[WhiteTeam "C.E.I. Toulouse"]
[BlackTeam "Creteil"]

1. d4 Nf6 2. c4 e6 3. Nc3 Bb4 4. e3 c5 5. Bd3 Nc6 6. Nge2 O-O 7. O-O cxd4 8.
exd4 d5 9. Bg5 Be7 10. a3 dxc4 11. Bxc4 Nd5 12. Bxe7 Ncxe7 13. Bxd5 Nxd5 14.
Nxd5 Qxd5 15. Nc3 Qf5 16. Re1 Bd7 17. d5 Rad8 18. Qd4 b6 19. Re5 Qg6 20. Re3 f6
21. Qc4 exd5 22. Nxd5 Kh8 23. Ne7 Qh5 24. Rae1 Qb5 25. Qh4 Qg5 26. Qe4 f5 27.
Qb7 f4 28. Re5 Qxe5 29. Rxe5 Bc6 30. Qa6 Rd1+ 31. Qf1 Rxf1+ 32. Kxf1 Bb7 33.
Nf5 h6 34. Nd6 Ba6+ 35. Ke1 Kh7 36. Re7 Ra8 37. Nf5 Kg6 38. Nxg7 Bb5 39. Re5
Bc6 40. Re6+ Kxg7 41. Rxc6 Re8+ 42. Kd2 Re7 43. Rc4 Rf7 44. Ke2 f3+ 45. gxf3
Kg6 46. f4 Kf5 47. Kf3 Rd7 48. Re4 Kf6 49. b4 Rd3+ 50. Re3 Rd4 51. Kg3 Rd2 52.
f3 Rc2 53. h3 Ra2 54. Kg4 Rg2+ 55. Kh5 Rd2 56. h4 Rh2 57. Rc3 Kf5 58. Rc7 Kxf4
59. Rxa7 Kg3 60. Rg7+ Kxf3 61. Rg6 b5 62. Rxh6 Rh3 63. Rb6 Kg3 64. Rg6+ Kf4 65.
Rg5 Rxa3 66. Rxb5 Ra8 67. Kg6 Ra6+ 68. Kf7 Ra7+ 69. Ke6 Ke4 70. h5 Ra6+ 71. Kd7
Kd4 72. Rg5 Rb6 73. Kc7 Rh6 74. b5 Rh7+ 75. Kb6 Kc4 76. Ka6 1-0

[Event "Interclubs Adultes"]
[Site "BELFORT"]
[Date "15.??.??"]
[Round "8.2"]
[White "Bouchet, Nicolas"]
[Black "Tournier, Mathieu"]
[Result "1/2-1/2"]
[WhiteElo "2318"]
[BlackElo "2224"]
[PlyCount "40"]
[EventDate "15.??.??"]
[WhiteTeam "Creteil"]
[BlackTeam "C.E.I. Toulouse"]

1. e4 e5 2. Nf3 Nc6 3. Bb5 a6 4. Ba4 Nf6 5. O-O b5 6. Bb3 Bc5 7. a4 Rb8 8. c3
d6 9. d4 Bb6 10. Na3 O-O 11. axb5 axb5 12. Nxb5 exd4 13. cxd4 Bg4 14. Ra4 Re8
15. Bg5 h6 16. Bd5 Bd7 17. Bxf6 Qxf6 18. Ra3 Nb4 19. Nc3 Bg4 20. e5 Bxf3
1/2-1/2

[Event "Interclubs Adultes"]
[Site "BELFORT"]
[Date "15.??.??"]
[Round "8.4"]
[White "Larrat, Philippe"]
[Black "Luminais, Eric"]
[Result "0-1"]
[WhiteElo "2191"]
[BlackElo "2233"]
[PlyCount "54"]
[EventDate "15.??.??"]
[WhiteTeam "Creteil"]
[BlackTeam "C.E.I. Toulouse"]

1. e4 c5 2. c3 e5 3. Nf3 Nc6 4. Bc4 Qc7 5. O-O Be7 6. Ng5 Nd8 7. d3 Nf6 8. f4
h6 9. Nf3 exf4 10. e5 Nh5 11. Nd4 g6 12. Nb5 Qxe5 13. d4 Qb8 14. Be2 a6 15.
Bxh5 axb5 16. Bxf4 Qa7 17. Be2 Ne6 18. Be5 O-O 19. d5 c4+ 20. Kh1 Nc5 21. d6
Bg5 22. Qc2 Qa4 23. b3 cxb3 24. axb3 Qxa1 25. Bxb5 Ra2 26. Qd1 Qb2 27. Qf3 Qxb3
0-1